000 00678cab a2200265 4500
001 A234
008 090401t1983 xxu||||| |||| 00| 0 eng d
035 _a(Sirsi) u27971
041 _aeng
100 _aHarker, Norman
245 4 _aThe valuation of varying incomes
260 _c1983
350 _a0
490 _aJournal of Valuation
_v1(4) 1983, 363-376(14)
650 _aDOUBLE SINKING FUND METHOD
650 _aDUAL RATE METHOD
650 _aINVESTMENT METHOD
650 _aPANNELLS METHOD
650 _aVALUATION METHODS
650 _aVARYING INCOMES
690 _aRATING AND VALUATION
700 _aBowcock, Philip
942 _n0
948 _c04/03/1997
999 _c18860
_d18860